000
00286nam a22001337a 4500
008
180312b xxu||||| |||| 00| 0 eng d
020
_a
9780078936463
041
_a
eng
080
_a
616.073
100
_a
6
101
_a
GEN
245
_a
HUMAN GENETICS
_c
LEWIS.R
942
_2
udc
_c
BK
999
_c
44787
_d
44787